000 00763nam a2200241Ia 4500
003 OSt
005 20220926021119.0
006 a|||||r|||| 00| 0
007 ta
008 220923b |||||||| |||| 00| 0 eng d
037 _cGeneral Book
040 _aRTL
_cRTL
_beng
041 _2eng
_aeng
082 _aX.49M.P, UN
110 _aUnited Nations , Economic and Social Commission for Western Asia
245 0 _aEconomic trends nd impacs in the ESCWA region
260 _aNew York
_bU N
490 _v2003 (N0.1) (37p)
650 _aEconomic Conditions Weswterdn Asia
_9325799
700 _aUnited Nations , Economic and Social Commission for Western Asia
_9236312
942 _hX.49M.P, UN
_cGB
_2CC
999 _c635811
_d635811